00000000cam 2200000zi 4500
0019.961378
003CaOODSP
00520260525101837
006m     o  d f      
007cr bn|||||||||
008260327t20071996onca    of   f000 0 eng d
040 |aCaOODSP|beng|erda|cCaOODSP
043 |an-cn---
0861 |aT52-4/272-2007E-PDF
24500|aSafety criteria for approval of extended range twin-engine operations (ETOPS).
250 |a2007 edition.
264 1|a[Ottawa] : |bTransport Canada = Transports Canada, |c2007.
264 4|c©1996
300 |a1 online resource (1 volume (various pagings)) : |billustrations
336 |atext|btxt|2rdacontent
337 |acomputer|bc|2rdamedia
338 |aonline resource|bcr|2rdacarrier
500 |aIssued also in French under title: Critères de sécurité pour l'approbation des opérations de bimoteurs avec distance de vol prolongée (ETOPS).
500 |a"TP 6327E (06/2007)."
500 |a"TC-1002271."
520 |a"This manual provides the standard, policy, procedures and guidelines for obtaining Type Design and/or Operational Approval for two-engine transport category aeroplanes to operate over a specified route containing a point farther than 60 minutes flying time at the approved one-engine-inoperative cruise speed (under standard conditions in still air) from an adequate airport regardless of terrain. The 60 minute threshold is a point beyond which the provisions of this publication apply. Previously issued approvals for ETOPS programs continue to be valid; requests for new ETOPS authorizations or changes to existing programs will be assessed under the criteria outlined in this manual. Specific criteria are included for diversion time of 75, 90, 120, or 180 minutes and beyond"--General, page 1-1.
650 0|aTwin-engine airplanes|xSafety measures|vHandbooks, manuals, etc.
650 0|aAeronautics|zCanada|xSafety measures|vHandbooks, manuals, etc.
655 7|aHandbooks and manuals|2lcgft
7101 |aCanada. |bTransport Canada, |eissuing body.
77508|tCritères de sécurité pour l'approbation des opérations de bimoteurs avec distance de vol prolongée (ETOPS).|w(CaOODSP)9.963023
85640|qPDF|s320 KB|uhttps://publications.gc.ca/collections/collection_2026/tc/T52-4-272-2007-eng.pdf
85640|qHTML|sN/A|uhttps://tc.canada.ca/en/aviation/publications/safety-criteria-approval-extended-range-twin-engine-operations-etops-tp-6327
986 |aTP 6327E
986 |aTC-1002271